Extremadura agraria (Record no. 171559)

MARC details
000 -LEADER
campo de control de longitud fija 00765nam a22001935i 4500
001 - NÚMERO DE CONTROL
campo de control 171559
003 - IDENTIFICADOR DE NÚMERO DE CONTROL
campo de control ES-MaACL
005 - FECHA Y HORA DE LA ÚLTIMA TRANSACCIÓN
campo de control 20230906214649.0
008 - DATOS DE LONGITUD FIJA--INFORMACIÓN GENERAL
campo de control de longitud fija 090520s1949 sp |||| | spa d
080 ## - NÚMERO DE LA CLASIFICACIÓN DECIMAL UNIVERSAL
Número de la Clasificación Decimal Universal 016:63(462.2)
100 1# - ENTRADA PRINCIPAL--NOMBRE DE PERSONA
Nombre de persona Solar y Taboada, Antonio del.
9 (RLIN) 137565
245 10 - MENCIÓN DEL TÍTULO
Título Extremadura agraria
Resto del título : (título de algunos libros que tratan de la agricultura y ganadería de la región) /
Mención de responsabilidad, etc. Antonio del Solar y Taboada.
260 ## - PUBLICACIÓN, DISTRIBUCIÓN, ETC.
Lugar de publicación, distribución, etc. Badajoz :
Nombre del editor, distribuidor, etc. [s.n.],
Fecha de publicación, distribución, etc. 1949 (
Fabricante Tip. Viuda de Antonio Arqueros)
300 ## - DESCRIPCIÓN FÍSICA
Extensión 75 p., 4 lám. ;
Dimensiones 22 cm.
490 1# - MENCIÓN DE SERIE
Mención de serie Publicaciones de la Cooperativa Caja Rural de Badajoz
830 0# - PUNTO DE ACCESO ADICIONAL DE SERIE-TÍTULO UNIFORME
Título uniforme Publicaciones de la Cooperativa Caja Rural de Badajoz
9 (RLIN) 189025
852 ## - LOCALIZACIÓN
Ubicación ES-MaACL
Número de control de estantería 1894-F-13
itemnumber R.26878
Holdings
Estatus retirado Estado de pérdida Estado de daño No para préstamo Colección Biblioteca de origen Biblioteca actual Ubicación en estantería Fecha de adquisición Fuente de adquisición Total de préstamos Signatura topográfica completa Código de barras Visto por última vez Precio de reemplazo Tipo de ítem Koha
        Colección de folletos Biblioteca del Ateneo de Madrid Biblioteca del Ateneo de Madrid Depósito folletos 20/05/2009     1894-F-13 1180038 23/02/2023 23/02/2023 Folleto